000 00501nam a2200181Ia 4500
008 090124s9999 xx 000 0 und d
082 _b34030
100 _aनिंबकर जाई
245 _a अर्धुक
250 _a1
260 _bदेशमुख आणि कंपनी
_c1994
300 _a106
600 _aनिंबकर जाई
630 _a अर्धुक
700 _aनिंबकर जाई
730 _a अर्धुक
942 _cBOOK
999 _c100064
_d100064